Critical care obstetrics / (Record no. 99026)
[ view plain ]
| 000 -LEADER | |
|---|---|
| fixed length control field | 01669cam a22003258i 4500 |
| 003 - CONTROL NUMBER IDENTIFIER | |
| control field | URS |
| 005 - DATE AND TIME OF LATEST TRANSACTION | |
| control field | 20260330135326.0 |
| 008 - FIXED-LENGTH DATA ELEMENTS--GENERAL INFORMATION | |
| fixed length control field | 231018s2024 nju b 001 0 eng |
| 020 ## - INTERNATIONAL STANDARD BOOK NUMBER | |
| International Standard Book Number | 978-1-11982-023-9 |
| 040 ## - CATALOGING SOURCE | |
| Language of cataloging | English |
| Description conventions | rda |
| Transcribing agency | URS |
| 050 00 - LIBRARY OF CONGRESS CALL NUMBER | |
| Classification number | RG951 |
| Item number | .C8692 2024 |
| 082 00 - DEWEY DECIMAL CLASSIFICATION NUMBER | |
| Classification number | 618.2/0231 |
| 130 0# - MAIN ENTRY--UNIFORM TITLE | |
| Uniform title | Critical care obstetrics (Clark) |
| 245 10 - TITLE STATEMENT | |
| Title | Critical care obstetrics / |
| Statement of responsibility, etc | edited by Luis D. Pacheco, Jeffrey P. Phelan, Torre L. Halscott, Leslie A. Moroz, Arthur J. Vaught, Antonio F. Saad, Amir A. Shamshirsaz. |
| 250 ## - EDITION STATEMENT | |
| Edition statement | Seventh edition. |
| 263 ## - PROJECTED PUBLICATION DATE | |
| Projected publication date | 2404 |
| 264 #1 - PUBLICATION, DISTRIBUTION, ETC. (IMPRINT) | |
| Place of publication, distribution, etc | Hoboken, NJ : |
| Name of publisher, distributor, etc | Wiley, |
| Date of publication, distribution, etc | ©2024. |
| 300 ## - PHYSICAL DESCRIPTION | |
| Extent | xix, 1190 pages : |
| Other physical details | colour illustrations ; |
| Dimensions | 28 cm. |
| 336 ## - CONTENT TYPE | |
| Content type term | text |
| Content type code | txt |
| Source | rdacontent |
| 337 ## - MEDIA TYPE | |
| Media type term | unmediated |
| Media type code | n |
| Source | rdamedia |
| 338 ## - CARRIER TYPE | |
| Carrier type term | volume |
| Carrier type code | nc |
| Source | rdacarrier |
| 504 ## - BIBLIOGRAPHY, ETC. NOTE | |
| Bibliography, etc | Includes bibliographical references and index. |
| 520 ## - SUMMARY, ETC. | |
| Summary, etc | "For the current edition, we have added five new editors with extensive training and knowledge in critical care medicine. Each chapter has been revised and updated, and new chapters covering exciting topics such as ECMO, pneumonia, antibiotics, antivirals, and antifungals have been added. We hope the book serves to improve care of seriously ill pregnant patients around the world and stimulate younger generations to pursue excellence in maternal medicine"-- |
| Assigning source | Provided by publisher. |
| 650 12 - SUBJECT ADDED ENTRY--TOPICAL TERM | |
| Topical term or geographic name as entry element | Pregnancy Complications |
| 650 22 - SUBJECT ADDED ENTRY--TOPICAL TERM | |
| Topical term or geographic name as entry element | Critical Care |
| General subdivision | methods |
| 650 22 - SUBJECT ADDED ENTRY--TOPICAL TERM | |
| Topical term or geographic name as entry element | Pregnancy |
| 700 1# - ADDED ENTRY--PERSONAL NAME | |
| Personal name | Pacheco, Luis D., |
| Relator term | editor. |
| 776 08 - ADDITIONAL PHYSICAL FORM ENTRY | |
| Display text | Online version: |
| Title | Critical care obstetrics |
| Edition | Seventh edition. |
| Place, publisher, and date of publication | Hoboken, NJ : Wiley, 2024 |
| International Standard Book Number | 9781119820246 |
| Record control number | (DLC) 2023048999 |
| 942 ## - ADDED ENTRY ELEMENTS (KOHA) | |
| Source of classification or shelving scheme | Library of Congress Classification |
| Koha item type | Reserved Books |
| Withdrawn status | Lost status | Source of classification or shelving scheme | Damaged status | Not for loan | Collection code | Home library | Current library | Shelving location | Date acquired | Source of acquisition | Total Checkouts | Full call number | Barcode | Date last seen | Copy number | Cost, replacement price | Price effective from | Koha item type |
|---|---|---|---|---|---|---|---|---|---|---|---|---|---|---|---|---|---|---|
| Library of Congress Classification | Non-fiction | Taytay College Library | Taytay College Library | Medicine Collection | 03/14/2026 | Purchased | RG951 .C8692 2024 | URSTAY-6026 | 03/14/2026 | 1 | 18805.00 | 03/14/2026 | Reserved Books |